A generation at Risk: (Record no. 9015)

MARC details
000 -LEADER
fixed length control field 00670nam a22001937a 4500
003 - CONTROL NUMBER IDENTIFIER
control field OSt
005 - DATE AND TIME OF LATEST TRANSACTION
control field 20240628114004.0
008 - FIXED-LENGTH DATA ELEMENTS--GENERAL INFORMATION
fixed length control field 240628b |||||||| |||| 00| 0 eng d
020 ## - INTERNATIONAL STANDARD BOOK NUMBER
International Standard Book Number 9780521696166
040 ## - CATALOGING SOURCE
Original cataloging agency DDC
Transcribing agency MUST
082 ## - DEWEY DECIMAL CLASSIFICATION NUMBER
Classification number 362.19 AGE 2005
100 ## - MAIN ENTRY--PERSONAL NAME
Personal name Edited by Geoff Foster... (et al)
9 (RLIN) 18328
245 ## - TITLE STATEMENT
Title A generation at Risk:
Remainder of title The Global Impact of HIV/AIDS on Orphans and Vulnerable Children/
Statement of responsibility, etc. Edited by Geoff Foster.
260 ## - PUBLICATION, DISTRIBUTION, ETC. (IMPRINT)
Place of publication, distribution, etc. NY:
Name of publisher, distributor, etc. Cambridge University Press;
Date of publication, distribution, etc. 2005.
300 ## - PHYSICAL DESCRIPTION
Extent xx,312p.:
Dimensions 22.8cm.
504 ## - BIBLIOGRAPHY, ETC. NOTE
Bibliography, etc Includes Bibliographical Indexes
650 ## - SUBJECT ADDED ENTRY--TOPICAL TERM
Source of heading or term Global impact on HIV/AIDS
Topical term or geographic name as entry element Vulnerable Children
9 (RLIN) 18329
942 ## - ADDED ENTRY ELEMENTS (KOHA)
Source of classification or shelving scheme Dewey Decimal Classification
Koha item type Open Shelf
Holdings
Withdrawn status Lost status Source of classification or shelving scheme Damaged status Not for loan Home library Current library Source of acquisition Inventory number Total Checkouts Full call number Barcode Date last seen Koha item type
    Dewey Decimal Classification     MUST Main Library MUST Main Library Donation 10/32256   362.19 AGE 2005 2024-21607 28/06/2024 Open Shelf